ARRUPE JESUIT UNIVERSITY

CORONAVIRUS -STOP THE SPREAD - CLEAN,DISINFECT,COVER

Mary Magdalene and the Women in Jesus' Life (Record no. 7227)

MARC details
000 -LEADER
fixed length control field 00509nam a2200181Ia 4500
003 - CONTROL NUMBER IDENTIFIER
control field 0100
008 - FIXED-LENGTH DATA ELEMENTS--GENERAL INFORMATION
fixed length control field 130227s9999 xx 000 0 und d
040 ## - CATALOGING SOURCE
Transcribing agency ARRUPELIB
050 ## - LIBRARY OF CONGRESS CALL NUMBER
Classification number BS2485.G73 1986
100 ## - MAIN ENTRY--PERSONAL NAME
Personal name Grassi, Joseph A.
9 (RLIN) 41
245 ## - TITLE STATEMENT
Title Mary Magdalene and the Women in Jesus' Life
260 ## - PUBLICATION, DISTRIBUTION, ETC. (IMPRINT)
Place of publication, distribution, etc Kansas City
260 ## - PUBLICATION, DISTRIBUTION, ETC. (IMPRINT)
Name of publisher, distributor, etc Sheed and Ward
300 ## - PHYSICAL DESCRIPTION
Extent vi
300 ## - PHYSICAL DESCRIPTION
Other physical details 158p. 22cm.
856 ## - ELECTRONIC LOCATION AND ACCESS
Electronic name Risk Management e-Book
Uniform Resource Identifier <a href="http://10.12.40.136:8888/jspui/handle/123456789/3">http://10.12.40.136:8888/jspui/handle/123456789/3</a>
942 ## - ADDED ENTRY ELEMENTS (KOHA)
Source of classification or shelving scheme Library of Congress Classification
Item type Monograph ( Printed materials)
Holdings
Withdrawn status Lost status Source of classification or shelving scheme Damaged status Not for loan Collection code Home library Current library Shelving location Date acquired Total Checkouts Full call number Barcode Date last seen Date last borrowed Copy number Price effective from Koha item type
    Library of Congress Classification     Main Collection ARRUPE LIBRARY ARRUPE LIBRARY   27/02/2013 1 BS2485.G73 1986 46409904 01/08/2016 27/02/2013 1 27/02/2013 Monograph ( Printed materials)

 

Arrupe Library. PO Box MP320 Mt Pleasant, Harare, Zimbabwe
263 242 745411|librarian@aju.ac.zw